| 000 | 00558cam a22001337a 4500 | ||
|---|---|---|---|
| 008 | 180718b2004 xxu||||| |||| 00| 0 eng d | ||
| 082 | _aAPPPA 2003-04 GAR/10 | ||
| 100 | _aGarg, Sanjiv | ||
| 245 |
_aInternational experience of railway reforms with special reference to Europe and China: lessons learnt and their applicability to India _cby Sanjiv Garg |
||
| 260 |
_aNew Delhi _bIndian Institute of Public Administration _c2004 |
||
| 300 | _a274p. | ||
| 500 | _aAn APPPA M.Phil dissertation, 2003-04 (Guide: Prof. Pranab Banerji) | ||
| 650 | _aRailroads - India | ||
| 999 |
_c492946 _d492946 |
||